1596 1308 1991 1800 1134 1369 1687 1823 1295 1650 1702 1668 1443 1800 1028 1451 1025 1713 1558 1190 1786 1254 1997 1729 1046 1913 1949 1756 1849 1966 1445 1501 1175 1487 1725 1425 1236 1985 1757 1525 1092 1550 1019 1433 1861 1745 1815 1776 1459 1723 1940 1696 1828 1408 1393 1386 1371 1527 1242 1258 1358 1407 1248 1162 1446 1893 1033 1560 1268 1445 1902 1147 1768 1664 1635 1112 1925 1167 1703 1881 1214 1534 1362 1108 1062 1291 1385 1237 1114 1163 1823 1744 1796 1920 1239 1648 1573 1702 1275 BCNSPRNW ULIB Ver.6.0+V

เปลี่ยนเป็นภาษาไทย

Change to English
 แสดงรายละเอียดบรรณานุกรม
  กลับหน้าหลัก

Brief Record : Get Marc (ISO 2709) : E-mail record : QR code < ปิดหน้าต่าง
LEADER : 00000nam 2200000uu 4500
001    13399111960
003     ULIB
008    110712s2545||||th 000 0 tha d
020    9748212041
050 04 G465^bว842พ 2545
100 0  วีระ นุตยกุล
245 10 พิชิตสุดขอบโลก /^cวีระ นุตยกุล
250    พิมพ์ครั้งที่ 2
260    กรุงเทพฯ :^bสารคดี,^c2545
300    172 หน้า :^bภาพประกอบ ;^c21 ซม
650  7 การท่องเที่ยว
945    ^p0^l0^i015918
999 ^a ใช้งานได้ทุกระบบ
รายการนี้ยังไม่มีแท็ก
คุณยังไม่ได้ล็อกอิน คุณสามารถมีกิจกรรมร่วมกับเว็บไซต์ได้ แต่ต้องล็อกอินก่อน ::
  ล็อกอิน

รายการสื่อสารสนเทศ

ลำดับที่ ประเภท เลขเรียก/บาร์โค้ด สถานที่ สถานะ
- ไม่พบข้อมูล -

รายการใกล้เคียง
    หัวเรื่อง [การท่องเที่ยว]

BibComment


ยังไม่เคยถูกคอมเมนท์

คอมเมนท์ทรัพยากรรายการนี้
  คอมเมนท์: พิชิตสุดขอบโลก ว..


 Copyright 2026. Bcnsprnw @Library